Aplikácia testu cenovej citlivosti na vybraný produkt v rovine podpory politiky zdravia
Predchádzanie chorobám, podpora zdravého životného štýlu a používanie tzv. smart produktov, ku ktorým patria aj smart náramky, resp. fit náramky. Test cenovej citlivosti na vzorke 146 poslucháčov Podnikovohospodárskej fakulty EU v Košiciach. Výsledky prieskumu a porovnanie zisteného prijateľného cen...
Gespeichert in:
| 1. Verfasser: | |
|---|---|
| Format: | Buchkapitel |
| Sprache: | Slowakisch |
| Schlagworte: | |
| Tags: |
Keine Tags, Fügen Sie das erste Tag hinzu!
|
MARC
| LEADER | 00000naa$a2200000$$$4500 | ||
|---|---|---|---|
| 001 | 0248122 | ||
| 005 | 20240502073952.9 | ||
| 041 | 0 | |a slo | |
| 044 | |a SK | ||
| 245 | 1 | 0 | |a Aplikácia testu cenovej citlivosti na vybraný produkt v rovine podpory politiky zdravia |c Vanda Lieskovská |
| 520 | |a Predchádzanie chorobám, podpora zdravého životného štýlu a používanie tzv. smart produktov, ku ktorým patria aj smart náramky, resp. fit náramky. Test cenovej citlivosti na vzorke 146 poslucháčov Podnikovohospodárskej fakulty EU v Košiciach. Výsledky prieskumu a porovnanie zisteného prijateľného cenového pásma fit náramku s vopred definovanými parametrami so skutočne realizovanou cenovou ponukou obdobného produktu v dostupnej maloobchodnej sieti. | ||
| 610 | 2 | 0 | |a ceny |
| 610 | 2 | 0 | |a citlivosť |
| 610 | 2 | 0 | |a zdravie |
| 610 | 2 | 0 | |a kvalita výrobkov |
| 610 | 2 | 0 | |a marketing |
| 610 | 2 | 0 | |a prieskum |
| 100 | 1 | |a Lieskovská, Vanda, 1961- | |